| 000 | 00633nam a2200181 a 4500 | ||
|---|---|---|---|
| 001 | 000028310 | ||
| 003 | DO-SdBNP | ||
| 005 | 20240304103305.0 | ||
| 008 | 110407s2001 dr 000 0 spa d | ||
| 040 |
_aDO-SdBNP _bspa _cBNPHU |
||
| 049 | _aBNPD | ||
| 082 |
_axxx _bR426n |
||
| 110 | 1 |
_aRepública Dominicana. _b Secretaría de Estado de Medio Ambiente y Recursos Naturales _914503 |
|
| 245 | 1 | 0 | _aNormas ambientales sobre la calidad del aire y control de emisiones atmosféricas. |
| 260 |
_aSanto Domingo : _bSecretaría de Estado de Medio Ambiente y Recursos Naturales, _c2001. |
||
| 300 |
_a48 p. ; _c23 cm. |
||
| 942 |
_2ddc _cLBS1 |
||
| 999 |
_c27802 _d27802 |
||